Nguyễn Ái Quốc - Hồ Chí Minh Biên niên hoạt động 1930- 1941
Đã lưu trong:
| Tác giả chính: | |
|---|---|
| Định dạng: | Sách |
| Được phát hành: |
Hà Nội
Văn hóa thông tin
2010
|
| Những chủ đề: | |
| Các nhãn: |
Thêm thẻ
Không có thẻ, Là người đầu tiên thẻ bản ghi này!
|
| Thư viện lưu trữ: | Trung tâm Học liệu Lê Vũ Hùng, Trường Đại học Đồng Tháp |
|---|
| LEADER | 00950pam a22003378a 4500 | ||
|---|---|---|---|
| 001 | 00036827 | ||
| 005 | 20171026081025.0 | ||
| 008 | 170330s2010 ||||||Viesd | ||
| 020 | # | # | |c 38500 |
| 041 | 0 | # | |a Vie |
| 082 | 1 | 4 | |a 959.703 2 |b NG527A |
| 100 | 0 | # | |a Đỗ, Hoàng Linh |e Biên soạn |
| 245 | 0 | 0 | |a Nguyễn Ái Quốc - Hồ Chí Minh |c Đỗ Hoàng Linh(Biên soạn) |b Biên niên hoạt động 1930- 1941 |
| 260 | # | # | |a Hà Nội |b Văn hóa thông tin |c 2010 |
| 300 | # | # | |a 239tr. |c 21 cm. |
| 653 | # | # | |a Hoạt động |
| 653 | # | # | |a Hồ Chí Minh |
| 653 | # | # | |a Đạo đức |
| 653 | # | # | |a Việt Nam |
| 653 | # | # | |a Lịch sử |
| 852 | # | # | |j KD.0019663 |
| 852 | # | # | |b Kho đọc |j KD.0019663 |
| 910 | |d 30/03/2017 | ||
| 980 | # | # | |a Trung tâm Học liệu Lê Vũ Hùng, Trường Đại học Đồng Tháp |